Most Popular Songs in USA 6/15/2024 - Statistics

General Stats
  • This quiz has been taken 10 times
  • The average score is 9 of 15
Answer Stats
Rank Artist (Version) Answer Streams Radio Airplay Sales % Correct
6. Sabrina Carpenter Espresso 30.3 Million 40.4 Million 6 Thousand
89%
5. Kendrick Lamar Not Like Us 43.2 Million 30.2 Million 3.5 Thousand
89%
9. Benson Boone Beautiful Things 22.6 Million 63.6 Million 6 Thousand
78%
7. Hozier Too Sweet 22.6 Million 64.7 Million 6.5 Thousand
78%
11. Billie Eilish Birds Of A Feather 28.4 Million 0.9 Million 2.5 Thousand
67%
12. Taylor Swift, Post Malone Fortnight 17.3 Million 46 Million 2 Thousand
67%
14. Metro Boomin, Future, Kendrick Lamar Like That 20.1 Million 31 Million 1 Thousand
67%
3. Tommy Richman Million Dollar Baby 45.1 Million 34.9 Million 7 Thousand
67%
2. Eminem Houdini 48 Million 4 Million 49 Thousand
56%
1. Post Malone, Morgan Wallen I Had Some Help 45.6 Million 59.9 Million 14 Thousand
56%
13. Billie Eilish Lunch 20.7 Million 19.1 Million 1.5 Thousand
56%
4. Shaboozey A Bar Song (Tipsy) 39.3 Million 30.1 Million 24 Thousand
44%
8. Teddy Swims Lose Control 23.6 Million 71.3 Million 6.5 Thousand
44%
10. Zach Bryan Pink Skies 28.8 Million 0.4 Million 6.5 Thousand
33%
15. GloRilla, Megan Thee Stallion Wannabe 19.6 Million 7.4 Million 22 Thousand
22%
No matching quizzes found
Score Distribution
Percent of People with Each Score
Percentile by Number Answered
Your Score History
You have not taken this quiz